000 01415cam a2200349 a 4500
001 EDZ0000019020
003 StDuBDS
005 20161031105123.0
006 m||||||||d||||||||
007 cr |||||||||||
008 110107s2005 enkac fo| 001|0|eng d
020 _a9781412952408 (ebook) :
_cNo price
040 _aStDuBDS
_beng
_cStDuBDS
_epn
049 _aAlfaisal Main Library
050 0 _aJA61
_b.E54 2005
082 0 4 _a320.03
_223
245 0 0 _aEncyclopedia of politics
_h[electronic resource] :
_bthe left and the right /
_cgeneral editor, Rodney P. Carlisle.
260 _aLondon :
_bSAGE,
_c2005.
300 _a1 online resource (2 v. (xxvi, 1052 p.)) :
_bill., ports.
520 8 _aThis two-volume 'Encyclopedia of Politics' contains over 450 articles on individuals, movements, political parties, and ideological principles, of those thought of as left and right.
521 _aSpecialized.
588 _aDescription based on print version record.
504 _aIncludes bibliographical references and index.
650 0 _aRight and left (Political science)
_vEncyclopedias.
650 0 _aPolitical science
_vEncyclopedias.
655 7 _aElectronic books.
_2local
700 1 _aCarlisle, Rodney P.
710 2 _aSage eBooks
776 0 8 _iPrint version :
_z9781412904094
856 4 0 _uhttp://ezproxy.alfaisal.edu/login?url=http://sk.sagepub.com/reference/politics
942 _2lcc
_cEBOOKS
999 _c479726
_d479726